000
00294nam a22001337a 4500
008
170301b xxu||||| |||| 00| 0 eng d
020
_a
9781934323007
041
_a
eng
080
_a
61
100
_a
6
101
_a
SHM
245
_a
HANDBOOK OF ANESTHESIOLOGY
_c
EZEKIEL, M.R
942
_2
udc
_c
BK
999
_c
6492
_d
6492